[Event "Northrop-Kings"]
[Site "?"]
[Date "2002.09.19"]
[Round "?"]
[White "Walker, Arnie"]
[Black "Melnikov, Igor"]
[Result "0-1"]
[WhiteElo "1762"]
[BlackElo "1995"]
[PlyCount "56"]

1. g3 d5 2. Bg2 e5 3. c4 d4 4. d3 c6 5. Nf3 Bd6 6. c5 Qa5+ 7. Nbd2 Bc7 8. O-O
Qxc5 9. e3 dxe3 10. fxe3 Qxe3+ 11. Kh1 Qxd3 12. Nxe5 Bxe5 13. Qh5 Bf6 14. Re1+
Ne7 15. Be4 Qb5 16. Qf3 Be6 17. Bd3 Qa5 18. b4 Qc7 19. Rb1 Nd7 20. Nc4 Bd5 21.
Re4 Bxe4 22. Qxe4 Be5 23. Ba3 b5 24. Na5 Nf6 25. Qe2 O-O 26. Rc1 Qd6 27. Nb7
Qd5+ 28. Kg1 Bd4+ 0-1

[Event "Kings-Northrop"]
[Site "?"]
[Date "2002.09.19"]
[Round "?"]
[White "Wallach, Cliff"]
[Black "Vigants, Al"]
[Result "1-0"]
[WhiteElo "2049"]
[BlackElo "1663"]
[PlyCount "61"]

1. e4 c5 2. Nf3 d6 3. d4 cxd4 4. Nxd4 Nf6 5. Nc3 g6 6. Be2 Bg7 7. Be3 Nc6 8.
Nb3 a6 9. O-O O-O 10. f4 Bd7 11. Bf3 Rc8 12. Qe2 b5 13. Rad1 Qc7 14. a3 Na5 15.
Nxa5 Qxa5 16. e5 Ne8 17. Nd5 Qd8 18. Bb6 Nc7 19. exd6 exd6 20. Ne7+ Kh8 21.
Nxc8 Qxc8 22. Bd4 Be6 23. Qd2 Qb8 24. Bxg7+ Kxg7 25. Qxd6 Qa7+ 26. Qd4+ Qxd4+
27. Rxd4 Bf5 28. Rd2 Ne6 29. g3 Rc8 30. Bb7 Bh3 31. Bxc8 1-0

[Event "Northrop-Kings"]
[Site "?"]
[Date "2002.09.19"]
[Round "?"]
[White "Burian, Dave"]
[Black "Samelson, Chris"]
[Result "0-1"]
[WhiteElo "1580"]
[BlackElo "1964"]
[PlyCount "54"]

1. e4 e6 2. d4 d5 3. exd5 exd5 4. Nc3 Nf6 5. Bg5 Be7 6. Nf3 O-O 7. Bd3 Re8 8.
O-O Bg4 9. h3 Bh5 10. Re1 c6 11. Be2 Nbd7 12. Bxf6 Bxf6 13. b4 Qb6 14. Na4 Qxb4
15. c3 Qd6 16. Rb1 b5 17. Nb2 Bxf3 18. Bxf3 Qa3 19. Qc2 Rxe1+ 20. Rxe1 Qxa2 21.
Qf5 Nf8 22. Nd3 Qa3 23. Bxd5 cxd5 24. Qxd5 Rd8 25. Qxb5 Qxc3 26. Rc1 Qxd4 27.
Ne1 Qd2 0-1

[Event "Kings-Northrop"]
[Site "?"]
[Date "2002.09.19"]
[Round "?"]
[White "Piparia, Jankesh"]
[Black "Gothier, Sean"]
[Result "1-0"]
[WhiteElo "1840"]
[BlackElo "1392"]
[PlyCount "47"]

1. g3 d5 2. Bg2 Nf6 3. d3 e5 4. Nf3 Bd6 5. O-O O-O 6. c4 h6 7. Nc3 e4 8. dxe4
dxe4 9. Nd2 e3 10. fxe3 Be6 11. Bxb7 Nbd7 12. Bxa8 Qxa8 13. Nb5 Bh3 14. Rf3 Ne5
15. Nxd6 Nxf3+ 16. exf3 cxd6 17. Qe2 Re8 18. b3 g5 19. Bb2 Re6 20. Rd1 h5 21.
Bxf6 Rxf6 22. Ne4 Rxf3 23. Qxf3 Bg4 24. Nf6+ 1-0

[Event "Kings-Northrop"]
[Site "?"]
[Date "2002.09.19"]
[Round "?"]
[White "Gryparis, John"]
[Black "Elek, G."]
[Result "1-0"]
[WhiteElo "1479"]
[BlackElo "1058"]
[PlyCount "102"]

1. e4 e5 2. d3 d5 3. exd5 Qxd5 4. Nc3 Qd8 5. Nf3 Nc6 6. Be2 f6 7. h3 Be6 8. a3
Qd7 9. Be3 O-O-O 10. b4 Kb8 11. b5 Nd4 12. a4 Bb4 13. Bd2 Ba5 14. Ne4 Bxd2+ 15.
Qxd2 b6 16. O-O Nxe2+ 17. Qxe2 Ne7 18. Ne1 g6 19. Nxf6 Qd4 20. Nf3 Qc5 21. Qxe5
Qxe5 22. Nxe5 Kb7 23. a5 Nd5 24. Nxd5 Rxd5 25. c4 Rxe5 26. Rae1 Rxe1 27. Rxe1
Bf5 28. a6+ Kb8 29. Re3 Rd8 30. g4 Bxd3 31. Re7 Bxc4 32. Rxh7 Bxb5 33. Rg7 Bxa6
34. Rxg6 Rh8 35. Kg2 Bb7+ 36. Kg3 a5 37. f4 a4 38. f5 Be4 39. Re6 Bc2 40. f6
Bg6 41. h4 Bf7 42. Re7 Rf8 43. h5 c6 44. h6 Bg6 45. g5 b5 46. Rg7 Bc2 47. h7
Bb3 48. g6 a3 49. Re7 a2 50. Re1 Rxf6 51. h8=Q+ Ka7 1-0

[Event "Knights-Kings"]
[Site "?"]
[Date "2002.10.03"]
[Round "?"]
[White "Morris, Rob"]
[Black "Melnikov, Igor"]
[Result "0-1"]
[WhiteElo "2123"]
[BlackElo "2058"]
[PlyCount "86"]

1. e4 e5 2. Nf3 Nc6 3. Bc4 Bc5 4. c3 Nf6 5. d4 exd4 6. cxd4 Bb4+ 7. Nc3 d5 8.
exd5 Nxd5 9. O-O Nxc3 10. bxc3 Be7 11. Re1 O-O 12. Rb1 Bf6 13. Ba3 Be7 14. Bxe7
Nxe7 15. Bd3 g6 16. Qd2 Kg7 17. c4 b6 18. Be4 Rb8 19. Ne5 f6 20. Nc6 Nxc6 21.
Bxc6 Bb7 22. Ba4 Qd6 23. Re3 Bc6 24. Rh3 Bxa4 25. Qh6+ Kf7 26. Qxh7+ Ke8 27. c5
Qd7 28. Qxg6+ Kd8 29. Rh7 Qe8 30. Qf5 Bd7 31. Qf3 Qg6 32. Rxd7+ Kxd7 33. Qd5+
Kc8 34. Qe6+ Kb7 35. Qd5+ c6 36. Qd7+ Ka6 37. Rb3 Qe8 38. Ra3+ Kb5 39. Rb3+ Kc4
40. Rc3+ Kxc3 41. Qh3+ Kxd4 42. Qg4+ Kxc5 43. Qf5+ Kd6 0-1

[Event "Kings-Knights"]
[Site "?"]
[Date "2002.10.03"]
[Round "?"]
[White "Piparia, Jankesh"]
[Black "Thomson, Jim"]
[Result "1/2-1/2"]
[WhiteElo "1865"]
[BlackElo "1986"]
[PlyCount "103"]

1. d4 d5 2. Nf3 Bf5 3. c4 e6 4. e3 Nf6 5. Nc3 Be7 6. Bd3 Bxd3 7. Qxd3 O-O 8.
O-O Nbd7 9. cxd5 exd5 10. Bd2 c6 11. Rfe1 Re8 12. Rac1 Bf8 13. e4 dxe4 14. Nxe4
Rxe4 15. Rxe4 Nxe4 16. Qxe4 Nf6 17. Qf5 Qd5 18. Qxd5 Nxd5 19. Re1 Rd8 20. Bg5
f6 21. Bd2 Kf7 22. g3 Bb4 23. Re2 g5 24. h3 h5 25. Bxb4 Nxb4 26. a3 Nd5 27. Nd2
Nc7 28. Nb3 Ne6 29. Rd2 Rd5 30. a4 Nc7 31. Kf1 Na8 32. Nc5 b6 33. Ne4 Nc7 34.
Nc3 Rd7 35. Ke2 Ke6 36. g4 Nd5 37. Nxd5 Kxd5 38. Kd3 Re7 39. f3 Re1 40. h4 Rh1
41. hxg5 fxg5 42. gxh5 Rxh5 43. Rg2 Ke6 44. Ke4 Rh4+ 45. Rg4 Kf6 46. b4 Rh1 47.
Rg2 Re1+ 48. Kd3 Kf5 49. Rc2 Re6 50. Re2 Rd6 51. Re4 Kf6 52. Kc4 1/2-1/2

[Event "Kings-Knights"]
[Site "?"]
[Date "2002.10.03"]
[Round "?"]
[White "Goncharoff, Nic"]
[Black "Balicki, Jeff"]
[Result "0-1"]
[WhiteElo "1665"]
[BlackElo "1709"]
[PlyCount "174"]

{An interesting game where a middlegame decision on Pawn structure becomes a
loss in the endgame.} 1. e4 e5 2. Nf3 f5 {Diagram #} 3. d3 fxe4 4. dxe4 Nf6 5.
Bd3 Nc6 {Diagram #} 6. a3 Be7 7. Nc3 a6 8. h3 Bc5 {Diagram #} 9. Be3 Bxe3 10.
fxe3 d6 11. Qe2 Be6 12. O-O-O {Diagram # White's doubled Pawns are near
impossible to attack; meanwhile they cover key squares. The downside is White
has limited opportunities for creating open lines. Play now centers around the
d5 square, but Black could build position by 0-0-0 and expanding Kingside,
hoping to get at the doublets in the endgame. White could only defend.} 12...
Qd7 13. Bc4 b5 14. Bxe6 Qxe6 15. Nd5 Qd7 16. Nxf6+ gxf6 {Diagram #} 17. g4 {
to stop -f5 break, but now g4 can be attacked with Rdg8, and h5.} 17... Qf7 18.
b3 O-O-O 19. Kb2 Kb7 20. g5 {Diagram #} 20... h6 (20... f5 {creates possibiliti
es after -d5 and Qg7. White's 2-1 Pawn majority is easily blocked and could
become another weakness.}) 21. gxf6 Qxf6 22. Rhf1 Qe6 23. Rh1 Rdg8 24. Rh2 Rg3
25. Rdh1 {Diagram #} 25... Qf6 26. Rf2 Rf8 27. Rhf1 {Diagram #} 27... Qg7 (
27... Rxh3 28. Ng5 $1 Qxg5 (28... Qxf2 $2 29. Rxf2 Rxf2 30. Qxf2 hxg5 {
Diagram #} 31. Qg2) 29. Rxf8 Rxe3 {Diagram # Black could have 3 Pawns for the
exchange, but where would his Queen be safe from the roaming Rooks?}) 28. Nh4
Rxf2 29. Rxf2 Rxh3 30. Nf5 {Diagram #} 30... Qg6 31. Rg2 Qh5 32. Qxh5 Rxh5 33.
Rg6 Rh3 34. Rxh6 Rxh6 35. Nxh6 {Diagram # The doublets remain difficult to
attack, especially with the White King a couple moves from defending them.
Black can attempt to squeeze White by bringing his King to f3 and Knight onto
one of the loose Pawns.} 35... Nd8 (35... Ne7 36. Nf5 Ng8 {
to get Nf6 in sometime, and re-route his K}) 36. Nf5 Ne6 37. Kc3 Kc6 38. Ne7+
Kd7 39. Nf5 {Diagram #} 39... Nc5 (39... Ng5 {is more secure place. In
addition, Black will probably want to advance the c-Pawn to create a second
weakness.}) 40. Ng3 Ke6 41. Kd2 Kf6 42. Ke2 Ke6 (42... Ne6) 43. Kd2 Kd7 44. Kc3
Kc6 45. Kd2 Kd7 46. Kc3 Ke6 47. Kd2 Kf6 48. Ke2 {Diagram # With the time
control passed, both sides return to the position of after move 42.} 48... Kg5
49. Kf3 a5 50. Ne2 Kf6 51. Nc3 c6 52. Ne2 Ke6 53. Ng3 a4 54. b4 {
#Black only needs to get his Knight to c4.} 54... Na6 55. Ke2 {Diagram #} 55...
Nxb4 $1 {good for a Pawn} 56. Kd2 Na6 57. Kc3 Kd7 (57... Kf6 {
sends the King around the wing.} 58. Nf5 {Diagram #} 58... d5 59. exd5 $2 Kxf5)
58. Nf5 Kc7 59. Ng3 Kb6 60. Nf5 Kc5 61. Ng3 Nb8 {Diagram #} 62. Ne2 Nd7 63. Nc1
Nf6 (63... Nb6 $4 {Diagram # with idea of Nc4} 64. Nd3#) 64. Nd3+ Kb6 65. Nf2
Nd7 66. Kb4 Nc5 67. Kc3 {Diagram #} 67... Nb7 (67... Ka5 68. Kb2 b4) 68. Nd3
Na5 69. Nb2 Kc5 70. Nd3+ Kb6 71. Nb2 Nb7 72. Nd3 Na5 73. Nb2 Nb7 74. Nd3 Kc7
75. Kb4 Kb6 {Diagram #} 76. Kc3 Nc5 77. Nf2 Ka5 {Diagram # Zugzwang!!} 78. Kb2
b4 79. axb4+ Kxb4 80. c3+ Kc4 {Diagram #} 81. Kc2 a3 82. Kb1 Kxc3 83. Ka2 {
Diagram #} 83... Kb4 (83... Kd2 84. Kxa3 Kxe3) 84. Ka1 Kb3 85. Kb1 a2+ 86. Ka1
{Diagram #} 86... Ka3 87. Nd3 Nb3# 0-1

[Event "Knights-Kings"]
[Site "?"]
[Date "2002.10.03"]
[Round "?"]
[White "Alfonso, E."]
[Black "Gryparis, John"]
[Result "1-0"]
[WhiteElo "1586"]
[BlackElo "1482"]
[PlyCount "75"]

1. e4 e5 2. Nf3 Nf6 3. Nc3 Bb4 4. Nd5 Nxd5 5. exd5 Qf6 {
Diagram # Early Queen adventures often come to harm.} 6. a3 Be7 {
Blocking a Queen retreat, but she appears to have plenty of squares.} 7. d4
exd4 8. Bg5 {Diagram #} 8... Qd6 (8... Qg6 9. Bd3 Qd6 (9... Qh5 10. Bxe7 (10.
Qe2 f6) 10... Kxe7 11. Qe2+ Kd8 {idea of Re8})) 9. Qxd4 {Diagram # hitting g7}
9... f6 10. Bf4 Qb6 (10... Qc5) 11. Qc3 Bd6 {
Diagram # taking the last safe square from his Queen} 12. Be3 Bb4 13. axb4 Qd6
{Diagram #} 14. Rd1 O-O $2 15. Bc5 Qf4 16. Bxf8 Kxf8 {
Diagram # and White brought home the full point} 17. Bc4 d6 18. O-O Bg4 19. Rd4
Qf5 {Diagram # more Queen problems} 20. Bd3 Qd7 21. Bxh7 Bf5 22. Bxf5 Qxf5 {
Diagram #} 23. Re1 Na6 24. Nh4 (24. b5 Nc5 25. b4 {misplaces the Knight}) 24...
Qh5 25. Qg3 Kf7 26. Rde4 {
Diagram # and White brought home the full point in 12 more moves:} 26... Qg5
27. Re7+ Kg8 28. Qh3 Nxb4 29. Rxc7 Nxc2 30. Rxc2 Kh7 31. Nf3+ Qh6 32. Qd7 Qg6
33. Rc7 {Diagram #} 33... Rg8 34. Rxb7 Qd3 35. Qh3+ Kg6 36. Qg4+ Kh6 37. Qh3+
Kg6 {Diagram #} 38. Nh4+ 1-0

[Event "Kings-Knights"]
[Site "?"]
[Date "2002.10.03"]
[Round "?"]
[White "Rabinovich, Eugene"]
[Black "Phelps, Doug"]
[Result "1-0"]
[WhiteElo "1320"]
[BlackElo "1155"]
[PlyCount "77"]

1. e4 c6 2. d4 d5 3. exd5 cxd5 4. Nf3 e6 5. Bb5+ Bd7 6. Qe2 Qa5+ 7. Nc3 Bxb5 8.
Qxb5+ Qxb5 9. Nxb5 Na6 10. Bf4 Nf6 11. O-O Be7 12. Bd6 Ne4 13. Bxe7 Kxe7 14.
Rfe1 Nb4 15. Rec1 a6 16. a3 Nc6 17. Nc3 Nxc3 18. bxc3 b5 19. a4 Rhc8 20. axb5
axb5 21. Rcb1 Rxa1 22. Rxa1 b4 23. cxb4 Nxb4 24. Ra7+ Kf6 25. Ne5 Rf8 26. Nd7+
Ke7 27. Nxf8+ Kxf8 28. c3 Nd3 29. Kf1 Nf4 30. g3 Nh5 31. Ra5 Nf6 32. f4 h5 33.
h3 g5 (33... g6) 34. c4 Ke8 35. c5 Nd7 36. Ra8+ Ke7 37. c6 Nb6 38. Rh8 Kd6 39.
Rxh5 {The h-Pawn is free to advance} 1-0

[Event "Knights"]
[Site "?"]
[Date "2002.10.03"]
[Round "?"]
[White "Benforado, Ed"]
[Black "Karandikar, Shekhar"]
[Result "1-0"]
[WhiteElo "1578"]
[BlackElo "1541"]
[PlyCount "83"]

1. f4 Nf6 2. b3 e6 3. Bb2 Be7 4. Nf3 Nc6 5. e3 b6 6. Be2 h6 7. O-O Bb7 8. a3 {
Diagram #} 8... d6 9. Nc3 Qd7 10. a4 O-O-O 11. Nb5 Kb8 12. Nfd4 a6 {Diagram #}
13. Nxc6+ Qxc6 $2 14. Bf3 $1 d5 15. Nd4 Qd7 {Diagram #} 16. Ba3 c5 17. Ne2 g5
18. g3 {Diagram #} 18... g4 (18... gxf4 19. exf4 d4 {
and coming Rdg8, h5-4 looks interesting}) 19. Bg2 h5 20. Bb2 Rhg8 21. Be5+ Ka7
22. d4 {Diagram #} 22... Ne8 (22... Ne4 {
threatens -f6 to trap the e5-Bishop or to play h4} 23. dxc5 Bxc5 24. Bd4 Be7)
23. dxc5 bxc5 24. Qd2 f6 25. Bc3 f5 26. Be5 {Diagram #} 26... Bf6 $2 (26... h4)
27. Bxf6 Nxf6 28. Qc3 {Diagram # We are treated to an excellent example of the
problems with a weak color complex, caused by Black's voluntary trading of the
dark-squared Bishops.} 28... Qe7 29. Qe5 Nd7 30. Qb2 {Diagram #} 30... h4 31.
Rfb1 h3 32. Bh1 Nb6 33. a5 Nc8 {Diagram #} 34. b4 (34. c3 {
with idea of b4-5 opening pressure down b-file without trading Queens.}) 34...
c4 $4 (34... cxb4 $1 35. Qxb4 Qxb4 36. Rxb4 Bc6 {Diagram # Favors Black
because his opponent's Bishop is worthless. He need not fear open lines with
the Queens off.} 37. Nd4 Bd7 38. Rab1 Nd6 39. Rb6 {Diagram #} 39... Nc4 $1 (
39... Bc8 {and trade Rooks with Rg7-b7} 40. Rb8 $1 Rg7 $2 {Diagram #} 41. Nxe6
$1) 40. Rb7+ Ka8 41. Kf2 {Diagram #} 41... Rb8 {and wins} ({or maybe even} 
41... Nxa5 42. R7b6 Ka7)) ({Black can also temporarily give a Pawn:} 34... Nd6
{Diagram # to cover b5} 35. bxc5 Nc4 36. Qb4 (36. Nd4 Qxc5 37. Nxe6 $4 {
Diagram #} 37... Qxe3+ 38. Kf1 Nd2#) 36... Rc8 37. Nd4 Rge8) 35. b5 {
It now appears Black has no defense.} 35... Nd6 (35... Qc5 36. bxa6 Bxa6 (36...
Kxa6 37. Qxb7#) 37. Qb8#) (35... axb5 36. Qxb5 {Diagram #} 36... Qc7 (36... Rd6
$4 37. a6 Rxa6 38. Rxa6+ Bxa6 39. Qb8#) (36... Nd6 $4 37. Qb6+ Ka8 38. a6) 37.
a6 Ba8 {Diagram #} 38. Qb7+ $3 Qxb7 (38... Bxb7 $4 39. axb7+ Kb8 40. Ra8#) 39.
axb7+ Kb8 40. bxa8=Q+ {Diagram #}) 36. bxa6 {Diagram #} 36... Rb8 (36... Bxa6
$2 37. Qb6+ Ka8 38. Qxa6+) 37. Qb6+ Ka8 38. axb7+ Rxb7 39. Qc6 Rc8 40. a6 {
Diagram #} 40... Kb8 (40... Rxc6 41. axb7+ Kb8 42. Ra8+ Kc7 43. b8=Q+) 41.
Rxb7+ Nxb7 {Diagram #} 42. a7+ {and mates with Qxc8#} 1-0

[Event "Knights-Northrop"]
[Site "?"]
[Date "2002.10.28"]
[Round "?"]
[White "Thomson, Jim"]
[Black "Burian, Dave"]
[Result "1-0"]
[WhiteElo "1986"]
[BlackElo "1571"]
[PlyCount "43"]

1. e4 c5 2. d4 cxd4 3. c3 dxc3 4. Nxc3 d6 5. Nf3 Nf6 6. Bc4 Bg4 7. Bxf7+ $1
Kxf7 8. Ne5+ Ke8 9. Nxg4 Nbd7 10. O-O Qb6 11. Nd5 Qc6 12. Be3 Nxe4 13. Rc1 Ndc5
14. b4 h5 15. bxc5 hxg4 16. cxd6 Qxd6 17. Nc7+ Kd8 18. Qxd6+ exd6 19. Nxa8 d5
20. Bf4 Bc5 21. Nc7 g5 22. Ne6+ 1-0

[Event "Knights-Northrop"]
[Site "?"]
[Date "2002.10.28"]
[Round "?"]
[White "Balicki, Jeff"]
[Black "Gothier, Sean"]
[Result "1-0"]
[WhiteElo "1709"]
[BlackElo "1379"]
[PlyCount "37"]

1. e4 c5 2. d4 cxd4 3. c3 dxc3 4. Nxc3 d6 5. Nf3 Nc6 6. Bc4 e6 7. O-O Nf6 8.
Qe2 Ng4 9. Bf4 Nge5 10. Bxe5 Nxe5 11. Nxe5 dxe5 12. Bb5+ Bd7 13. Rfd1 Qc7 14.
Rxd7 Qxd7 15. Bxd7+ Kxd7 16. Rd1+ Ke7 17. Qb5 b6 18. Qc6 Rd8 19. Qc7+ 1-0

[Event "UOP-Kings"]
[Site "?"]
[Date "2002.11.07"]
[Round "?"]
[White "Siwek, Mark"]
[Black "Melnikov, Igor"]
[Result "1-0"]
[WhiteElo "2011"]
[BlackElo "2058"]
[PlyCount "79"]

1. e4 e5 2. Nf3 Nc6 3. Bc4 Bc5 4. c3 Nf6 5. d4 exd4 6. cxd4 Bb4+ 7. Nc3 d5 8.
exd5 Nxd5 9. O-O Nb6 10. Bb3 O-O 11. d5 Ne7 12. Bg5 Kh8 13. Ne4 Bf5 14. Qd4 Bd6
15. Nf6 c5 16. Qc3 Nd7 17. Nh5 f6 18. Rfe1 Bg6 19. Nxg7 Kxg7 20. Re6 Qc7 21.
Rae1 Ng8 22. Rxd6 Qxd6 23. Re6 Qc7 24. d6 Qd8 25. Ne5 Nxe5 26. Rxe5 Qxd6 27.
Rd5 Qb6 28. Rd7+ Bf7 29. Bf4 Rad8 30. Qg3+ Kh8 31. Rxd8 Qxd8 32. Bd6 Bxb3 33.
axb3 Rf7 34. h4 Qd7 35. Bxc5 b6 36. Be3 Qd5 37. Qf4 Qe5 38. Qc4 Qe8 39. Bd4 Qe7
40. Kh2 {BLACK FLAGGED} 1-0

[Event "Kings-Kemper"]
[Site "?"]
[Date "2002.11.07"]
[Round "?"]
[White "Wallach, Cliff"]
[Black "Leong, Gee"]
[Result "*"]
[WhiteElo "2029"]
[BlackElo "1970"]
[PlyCount "83"]

1. e4 e5 2. Nf3 Nc6 3. Bb5 a6 4. Ba4 Nf6 5. O-O b5 6. Bb3 Be7 7. c3 O-O 8. Re1
h6 9. d4 d6 10. h3 Bb7 11. Nbd2 Re8 12. Nf1 exd4 13. cxd4 d5 14. Ng3 Bb4 15.
exd5 Rxe1+ 16. Nxe1 Nxd5 17. Nf3 Na5 18. Bc2 Nf6 19. Bf4 Nc4 20. Rb1 Bd6 21.
Bxd6 Qxd6 22. Nf5 Qf4 23. Qc1 Qxc1+ 24. Rxc1 Nxb2 25. Bb3 Bxf3 26. gxf3 Ne8 27.
Rc6 Kf8 28. Bd5 Rd8 29. Be4 a5 30. Rc5 Rb8 31. Bc6 Nd6 32. Nxd6 cxd6 33. Rxb5
Rxb5 34. Bxb5 Ke7 35. Kf1 Nd1 36. Bc6 Nc3 37. a3 d5 38. Ke1 Kd6 39. Be8 f6 40.
a4 g5 41. Kd2 Na2 42. Ke3 *

[Event "Kings-UOP"]
[Site "?"]
[Date "2002.11.07"]
[Round "?"]
[White "Wallach, Cliff"]
[Black "Leong, Gee"]
[Result "0-1"]
[WhiteElo "2027"]
[BlackElo "1970"]
[PlyCount "36"]

1. d4 Nf6 2. c4 g6 3. Nc3 d5 4. Nf3 Bg7 5. Qb3 c6 6. cxd5 cxd5 7. Bg5 e6 8. Rc1
O-O 9. e3 a6 10. Be2 Nbd7 11. O-O b5 12. a4 bxa4 13. Nxa4 Rb8 14. Qa3 Qa5 15.
Bf4 Rb4 16. Bd1 Ne4 17. Bc7 Qb5 18. Be2 Qxa4 0-1

[Event "Kemper-Kings"]
[Site "?"]
[Date "2002.11.07"]
[Round "?"]
[White "Hughes, Norm"]
[Black "Samelson, Chris"]
[Result "1-0"]
[WhiteElo "1738"]
[BlackElo "1943"]
[PlyCount "49"]

1. d4 e6 2. c4 Nf6 3. g3 c5 4. Nf3 Nc6 5. Bg2 d5 6. cxd5 Nxd5 7. O-O Be7 8. Nc3
Nxc3 9. bxc3 O-O 10. Be3 Qa5 11. Qb3 a6 12. Rfd1 Ra7 13. Nd2 cxd4 14. cxd4 Qb4
15. d5 Qxb3 16. Nxb3 exd5 17. Bxa7 Nxa7 18. Bxd5 Nb5 19. Rd2 Bb4 20. Rc2 Ba3
21. Rd1 Bb4 22. Rdc1 Nd6 23. Rc7 b6 24. e4 a5 25. e5 1-0

[Event "Kings-Kemper"]
[Site "?"]
[Date "2002.11.07"]
[Round "?"]
[White "Piparia, Jankesh"]
[Black "Wang, Gary"]
[Result "1-0"]
[WhiteElo "1865"]
[BlackElo "1667"]
[PlyCount "73"]

1. g3 Nf6 2. Bg2 d5 3. d4 Bf5 4. c4 Bxb1 5. Rxb1 Nc6 6. cxd5 Nxd5 7. Nf3 Nf6 8.
O-O e6 9. Qa4 Be7 10. Ne5 O-O 11. Nxc6 bxc6 12. Bxc6 Rb8 13. Qxa7 Rb6 14. Bg2
c5 15. dxc5 Bxc5 16. Qa4 Rb4 17. Qc6 Qc8 18. Qxc8 Rxc8 19. a3 Rb3 20. Bf4 Ng4 (
20... Bd4) 21. h3 Bxf2+ 22. Rxf2 Nxf2 23. Kxf2 Rc2 24. Be5 f6 25. Bd4 (25. Bc3
$2 Rcxc3) 25... Rc4 (25... e5) 26. Rd1 Kf7 27. Bc3 Rb5 28. Rd7+ Kg6 29. h4 Rf5+
30. Ke3 Rb5 31. Be4+ f5 32. Bd3 Rxc3 33. bxc3 Rb3 34. c4 Rxa3 35. c5 Ra5 36. c6
Rc5 37. c7 1-0

[Event "Kemper-Kings"]
[Site "?"]
[Date "2002.11.07"]
[Round "?"]
[White "Olsen, Art"]
[Black "Goncharoff, Nic"]
[Result "1/2-1/2"]
[WhiteElo "1540"]
[BlackElo "1665"]
[PlyCount "124"]

1. e4 c5 2. Nf3 a6 3. Be2 d6 4. Nc3 e5 5. Nd5 h6 6. b4 cxb4 7. Nxb4 Nf6 8. Bd3
Be7 9. a3 O-O 10. Na2 Nc6 11. Nc3 Bg4 12. Be2 Bxf3 13. Bxf3 Nd4 14. O-O Rc8 15.
Bb2 b5 16. Be2 Qb6 17. d3 Qc6 18. Ra2 a5 19. Ba1 b4 20. axb4 axb4 21. Nd5 Nxe2+
22. Qxe2 Nxd5 23. exd5 Qxd5 24. Rb2 Qc5 25. Rfb1 Bf6 26. Qe4 (26. Rxb4 Qxc2 (
26... e4 27. Bxf6 exd3 28. cxd3 gxf6)) 26... d5 27. Qxb4 Qxb4 28. Rxb4 Rxc2 29.
d4 Rfc8 30. Bb2 (30. g3) 30... exd4 31. g3 R2c4 32. Rb5 Rd8 33. Rd1 g6 34. Rd3
Kg7 35. Kg2 Rc6 36. Bxd4 Bxd4 37. Rxd4 Rcd6 38. f4 f5 39. h4 h5 40. Rc5 Kf6 41.
Kh3 Ke6 42. Kg2 Ra8 43. Rc2 Ra5 (43... Rb6 44. Rcd2 Rb5) 44. Rc7 Ra2+ 45. Kf3
Ra3+ 46. Kf2 Raa6 47. Rb7 Rab6 48. Ra7 Rbc6 49. Raa4 Rc5 50. Ke3 Rb6 51. Ra3
Rc4 52. Rxc4 dxc4 53. Kd4 Rb3 54. Ra6+ (54. Rxb3 $4 cxb3 55. Kc3 Kd5 56. Kxb3
Ke4 $19) 54... Kf7 55. Ra7+ Kf6 56. Ra6+ Kg7 57. Ra7+ Kh6 58. Rc7 Rxg3 59. Rxc4
Rg4 60. Ke5 Rxh4 61. Kf6 Rg4 62. Rc8 Kh7 1/2-1/2

[Event "Kings-Kemper"]
[Site "?"]
[Date "2002.11.07"]
[Round "?"]
[White "Gryparis, John"]
[Black "Wirtz, Rob"]
[Result "1-0"]
[WhiteElo "1482"]
[BlackElo "1323"]
[PlyCount "71"]

1. e4 c5 2. Nf3 g6 3. Bc4 d6 4. Ng5 e6 5. d3 Bg7 6. Qf3 Nf6 7. Bb5+ Bd7 8.
Bxd7+ Nbxd7 9. O-O Ne5 10. Qh3 h6 11. Nf3 Nxf3+ 12. Qxf3 e5 13. Nc3 a6 14. Rd1
O-O 15. Qh3 h5 16. Bg5 Qd7 17. Qf3 Qe6 18. h3 b5 19. Bxf6 Bxf6 20. Nd5 Bd8 21.
b3 f5 22. exf5 Qxf5 23. Qxf5 Rxf5 24. Re1 Ra7 25. Re2 Rf4 26. Nxf4 exf4 27.
Re8+ Kg7 28. Rxd8 Re7 29. Rxd6 Re2 30. Rc1 a5 31. Kf1 Re7 32. Re1 Rf7 33. Ree6
f3 34. Rxg6+ Kh7 35. Rh6+ Kg7 36. gxf3 1-0

[Event "Excaliburs-Kings"]
[Site "?"]
[Date "2002.12.19"]
[Round "?"]
[White "Inumerable, Florin"]
[Black "Wolf, D."]
[Result "0-1"]
[WhiteElo "2275"]
[BlackElo "2320"]
[PlyCount "58"]

1. d4 Nf6 2. c4 g6 3. Nf3 Bg7 4. Nc3 O-O 5. e4 d6 6. Be2 e5 7. O-O Nc6 8. d5
Ne7 9. Ne1 Nd7 10. Be3 f5 11. f3 f4 12. Bf2 g5 13. Nd3 Nf6 14. c5 Ng6 15. cxd6
cxd6 16. Rc1 Rf7 17. b4 Bf8 18. Nb2 h5 19. Nc4 g4 20. Re1 Rg7 21. Kh1 g3 22.
hxg3 fxg3 23. Bxg3 h4 24. Bh2 Nh5 25. Bf1 Ng3+ 26. Kg1 Nf4 27. Kf2 Qg5 28. Ne3
Nh1+ 29. Kg1 Nh3+ 0-1

[Event "Excaliburs-Kings"]
[Site "?"]
[Date "2002.12.19"]
[Round "?"]
[White "Kogan, Greg"]
[Black "Piparia, Jankesh"]
[Result "1/2-1/2"]
[WhiteElo "1828"]
[BlackElo "1865"]
[PlyCount "55"]

1. e4 e6 2. d4 d5 3. Nc3 dxe4 4. Nxe4 Nf6 5. Bd3 Be7 6. Nf3 O-O 7. O-O Nbd7 8.
c3 Nxe4 9. Bxe4 Nf6 10. Bc2 b6 11. Qd3 Bb7 12. Ng5 g6 13. Qh3 Re8 14. Bf4 Nh5
15. Nxe6 fxe6 16. Qxe6+ Kg7 17. Qe5+ Bf6 18. Qxc7+ Qxc7 19. Bxc7 Rac8 20. Bd6
Re6 21. Ba3 Nf4 22. f3 Re2 23. Rf2 Rce8 24. Raf1 Rxf2 25. Rxf2 Re1+ 26. Rf1 Re2
27. Rf2 Re1+ 28. Rf1 1/2-1/2

[Event "Kings-Excaliburs"]
[Site "?"]
[Date "2002.12.19"]
[Round "?"]
[White "Cygan, Joe"]
[Black "Weitz, Ron"]
[Result "1-0"]
[WhiteElo "1814"]
[BlackElo "1635"]
[PlyCount "107"]

1. e4 b6 2. d4 e6 3. c4 Bb7 4. Bd3 g6 5. Nc3 Bg7 6. Nge2 Ne7 7. O-O O-O 8. a3
d5 9. cxd5 exd5 10. e5 Nd7 11. Nf4 c5 12. e6 c4 (12... cxd4 13. exf7+ Rxf7 14.
Ne6 Qb8 15. Nb5) 13. Bc2 Nf6 14. exf7+ Rxf7 15. Ne6 Qd7 16. Nxg7 Kxg7 17. Bf4
Nc6 18. Ba4 Qf5 19. Bxc6 Qxf4 20. Bxb7 Rxb7 21. f3 Re8 22. Rc1 Rbe7 23. Rc2
Qe3+ 24. Kh1 Qe1 25. Qxe1 Rxe1 26. Kg1 R1e6 27. Kf2 a6 28. a4 Rd6 (28... Kf7 {
idea of Ke7-d6}) 29. Re1 Rxe1 30. Kxe1 Kf7 31. Re2 Re6 32. Rxe6 Kxe6 33. Ke2
Nh5 34. Ke3 g5 35. g3 Ng7 36. g4 h5 37. f4 gxf4+ 38. Kxf4 Kd6 (38... hxg4 39.
Kxg4 Kd6 40. h4) 39. g5 Ne6+ 40. Kf5 Nxd4+ 41. Kf6 b5 $2 {
overloading his Knight, which is needed to sac g-passer} 42. g6 b4 (42... Ne6
43. axb5 axb5 44. Nxb5+ Kd7 45. Nd4 $18) 43. g7 bxc3 44. bxc3 Nb3 45. g8=Q a5
46. Qe6+ Kc7 47. Qxd5 Kc8 48. Qxc4+ Kd7 49. Qxb3 Ke8 50. Ke6 Kf8 51. Kf6 Ke8
52. Qd5 (52. Qb7 $144 Kd8 53. Ke6 Ke8 54. Qb8#) 52... h4 53. h3 Kf8 54. Qd8#
1-0